000 00476pab a2200157 454500
008 180718b2004 xxu||||| |||| 00| 0 eng d
100 _aSchneider, Marguerite
245 _aThe challenges of teaching strategic management: working toward successful inclusion of the resource-based view
260 _c2004
300 _ap.170-87.
362 _aApr
650 _aManagement education
700 _aLieb, Pamela
773 _aJournal of Management Education
909 _a59934
999 _c59934
_d59934